[Event "IV Zicosur Open 2019"]
[Site "Antofagasta"]
[Date "2019.01.05"]
[Round "1"]
[White "Granda Zuniga, Julio E"]
[Black "Delgado Fernandez, Enrique"]
[Result "1-0"]
[WhiteElo "2650"]
[BlackElo "1733"]
[Annotator "TA"]
[PlyCount "52"]
[EventDate "2019.01.05"]
[EventType "swiss"]
[EventCountry "CHI"]
[SourceTitle "playchess.com"]
[Source "ChessBase"]
[SourceQuality "1"]

{[%evp 20,52,10,16,16,-3,12,12,17,10,59,9,86,79,107,101,216,206,216,202,201,203,191,193,198,188,211,203,212,204,334,335,750,754,1813]} 1. d4 Nf6 2. c4 e6 3. Nf3 d5 4. g3 Be7 5. Bg2 O-O 6. O-O b6 7. cxd5 exd5 8. Nc3 Bb7 9. b3 Nbd7 10. Bb2 Re8 11. Qc2 {LiveBook: 12 Games. E17: Queen's Indian: 4 g3 Bb7 5 Bg2 Be7} (11. Rc1 Bf8 12. Qc2 a6 13. Rfd1 Rc8 14. e3 Qe7 15. Ne5 Qe6 16. Ne2 c6 17. Nf4 Qd6 18. Bh3 Rc7 19. b4 {½-½ (39) Leko,P (2691)-Bacrot,E (2725) Riadh 2017}) 11... Rc8 12. Rad1 c5 13. Qb1 {The position is equal.} c4 $146 ({Predecessor:} 13... Nf8 14. Nh4 c4 15. Ba1 Bb4 16. Bf3 Qd7 17. Ng2 Bxc3 18. Bxc3 {½-½ (32) Ursan,P (1904)-Tomici,S (2222) Calimanesti 2014}) 14. bxc4 Rxc4 15. e3 Qc7 (15... a6 $11) 16. Rc1 a6 17. Nd2 Rc6 (17... Bb4 $16) 18. Nxd5 $18 Nxd5 19. Bxd5 Rxc1 20. Rxc1 Qb8 21. Bxb7 Qxb7 22. Qc2 Nf6 23. Qc6 Qb8 24. d5 Bc5 (24... Rd8 {was worth a try.} 25. e4 Nd7) 25. Bxf6 Rc8 $2 {[#]} (25... gxf6 26. Rc4 f5) 26. Be5 $1 b5 {Accuracy: White = 67%, Black = 14%.} (26... Qxe5 27. Qxc8+) 1-0

[Event "IV Zicosur Open 2019"]
[Site "Antofagasta"]
[Date "2019.01.05"]
[Round "1"]
[White "Flores, Diego"]
[Black "Matamala Clemente, Javier"]
[Result "1-0"]
[WhiteElo "2631"]
[BlackElo "1689"]
[Annotator "TA"]
[PlyCount "43"]
[EventDate "2019.01.05"]
[EventType "swiss"]
[EventCountry "CHI"]
[SourceTitle "playchess.com"]
[Source "ChessBase"]
[SourceQuality "1"]

{[%evp 17,43,62,84,33,110,102,181,168,183,184,211,204,201,214,212,215,211,203,202,216,329,334,576,567,563,553,772,751]} 1. c4 c5 2. Nf3 Nf6 3. Nc3 Nc6 4. g3 g6 5. Bg2 Bg7 6. d4 cxd4 7. Nxd4 O-O 8. O-O a6 9. c5 Qc7 {LiveBook: 12 Games} 10. Na4 {A39: Symmetrical English vs ...g6: 4 Bg2 Bg7 5 Nf3 Nf6 6 0-0 0-0 7 d4} ({Better is} 10. Qa4 $16) (10. Bg5 Qe5 11. Nxc6 dxc6 12. Bxf6 Bxf6 13. Na4 Bg4 14. Re1 Rad8 15. Qb3 Bc8 16. e3 Rd2 17. Rad1 Rfd8 18. Rxd2 Rxd2 {0-1 (63) Ribli,Z (2526)-Ljubojevic,L (2571) Platja d'Aro 2017}) 10... e5 (10... Rb8 $14) 11. Nb3 $16 Rd8 (11... Rb8 $16 {might work better.}) 12. Nb6 $18 {White is clearly better.} Rb8 13. Bg5 Ne7 $146 ({Predecessor:} 13... Rf8 14. Rc1 h6 15. Bxf6 Bxf6 16. Nd5 Qd8 17. Nxf6+ Qxf6 {½-½ (47) Bogumil,T (2218)-Della Rossa,A (1868) St Petersburg 2009}) 14. Qd6 Qxd6 15. cxd6 Nc6 16. Nc5 h6 17. Bxf6 Bxf6 18. Bh3 Nd4 (18... e4 {keeps fighting.} 19. Nxc8 (19. Nxe4 Bd4 $16) (19. Ncxd7 Bd4 $16) (19. Bxd7 Bd4 $16) 19... Rbxc8) 19. e3 ({Less strong is} 19. Ncxd7 Bg7 $14) (19. Bxd7 Nxe2+ 20. Kg2 Bg7 $18) 19... Ne6 $2 {[#]} (19... Nb5 20. Rad1 (20. Nbxd7 Bg7 $18) 20... Na7 21. Ncxd7 Bg7 22. Nf6+ {[%mdl 64] Clearance} (22. Nxb8 Bxh3 23. d7 e4 $11) 22... Bxf6) 20. Bxe6 {White is clearly winning.} fxe6 21. Ne4 Bg7 22. Rac1 1-0

[Event "IV Zicosur Open 2019"]
[Site "Antofagasta"]
[Date "2019.01.05"]
[Round "1"]
[White "Pichot, Alan"]
[Black "Figueroa Bernal, Julia Dennis"]
[Result "1-0"]
[WhiteElo "2562"]
[BlackElo "1737"]
[Annotator "ChessBase"]
[PlyCount "31"]
[EventDate "2019.01.05"]
[EventType "swiss"]
[EventCountry "CHI"]
[SourceTitle "playchess.com"]
[Source "ChessBase"]
[SourceQuality "1"]
[TimeControl "5400+30"]

1. c4 {[%emt 0:00:00]} c5 {[%emt 0:00:00]} 2. Nf3 {[%emt 0:00:14]} Nf6 {[%emt 0:00:15]} 3. Nc3 {[%emt 0:00:36]} e6 {[%emt 0:01:03]} 4. g3 {[%emt 0:01:02]} Be7 {[%emt 0:01:32]} 5. Bg2 {[%emt 0:00:10]} O-O {[%emt 0:00:24]} 6. d4 {[%emt 0:03:25]} cxd4 {[%emt 0:02:28]} 7. Nxd4 {[%emt 0:00:07]} a6 {[%emt 0:00:07]} 8. O-O {[%emt 0:00:53]} Qc7 {[%emt 0:01:23]} 9. Qd3 {[%emt 0:02:40]} Nc6 {[%emt 0:06:47]} 10. b3 {[%emt 0:02:36]} b6 {[%emt 0:02:57]} 11. Bf4 {[%emt 0:02:18]} e5 {[%emt 0:01:19]} 12. Nf5 {[%emt 0:01:42]} Bb4 {[%emt 0:22:33]} 13. Bg5 {[%emt 0:01:45]} d6 {[%emt 0:04:52]} 14. Bxf6 {[%emt 0:02:33]} Bxc3 {[%emt 0:10:32]} 15. Bxc6 {[%emt 0:00:53]} Bxf5 {[%emt 0:00:40]} 16. Qxf5 {[%emt 0:00:53]} 1-0

[Event "IV Zicosur Open 2019"]
[Site "Antofagasta"]
[Date "2019.01.05"]
[Round "1"]
[White "Castillo Palma, Hernan"]
[Black "Bacallao Alonso, Yusnel"]
[Result "0-1"]
[WhiteElo "1710"]
[BlackElo "2582"]
[Annotator "ChessBase"]
[PlyCount "76"]
[EventDate "2019.01.05"]
[EventType "swiss"]
[EventCountry "CHI"]
[SourceTitle "playchess.com"]
[Source "ChessBase"]
[SourceQuality "1"]
[TimeControl "5400+30"]

1. d4 {[%emt 0:00:00]} Nf6 {[%emt 0:00:35]} 2. c4 {[%emt 0:00:31]} e6 {[%emt 0:00:12]} 3. a3 {[%emt 0:00:20]} c5 {[%emt 0:00:33]} 4. d5 {[%emt 0:01:08]} exd5 {[%emt 0:00:23]} 5. cxd5 {[%emt 0:00:21]} g6 {[%emt 0:00:13]} 6. Nc3 {[%emt 0:00:42]} Bg7 {[%emt 0:00:07]} 7. e4 {[%emt 0:03:13]} O-O {[%emt 0:01:14]} 8. Bd3 {[%emt 0:00:12]} d6 {[%emt 0:01:51]} 9. Nge2 {[%emt 0:02:18]} Nbd7 {[%emt 0:01:25]} 10. O-O {[%emt 0:03:52]} a6 {[%emt 0:00:20]} 11. Rb1 {[%emt 0:08:00]} Nh5 {[%emt 0:11:39]} 12. f4 {[%emt 0:08:26]} Qc7 {[%emt 0:12:44]} 13. g4 {[%emt 0:12:01]} Nhf6 {[%emt 0:00:11]} 14. Ng3 {[%emt 0:00:46]} c4 {[%emt 0:05:29]} 15. Bc2 {[%emt 0:02:35]} Nc5 {[%emt 0:01:09]} 16. g5 {[%emt 0:08:00]} Nfd7 {[%emt 0:03:18]} 17. Be3 {[%emt 0:05:08]} b5 {[%emt 0:01:53]} 18. h4 {[%emt 0:03:49]} f6 {[%emt 0:02:08]} 19. Kg2 {[%emt 0:03:59]} Rb8 {[%emt 0:03:28]} 20. Bd4 {[%emt 0:07:12]} a5 {[%emt 0:01:24]} 21. Qd2 {[%emt 0:10:24]} b4 {[%emt 0:03:57]} 22. Nce2 {[%emt 0:03:00]} Bb7 {[%emt 0:05:31]} 23. h5 {[%emt 0:04:28]} b3 {[%emt 0:05:04]} 24. Bd1 {[%emt 0:00:07]} Nd3 {[%emt 0:00:48]} 25. Nc3 {[%emt 0:00:41]} N7c5 {[%emt 0:36:54]} 26. hxg6 {[%emt 0:03:25]} hxg6 {[%emt 0:00:00]} 27. Bg4 {[%emt 0:00:36]} fxg5 {[%emt 0:00:00]} 28. Bxg7 {[%emt 0:00:11]} Qxg7 {[%emt 0:00:00]} 29. fxg5 {[%emt 0:01:20]} Qd4 {[%emt 0:00:00]} 30. Nb5 {[%emt 0:02:08]} Qe5 {[%emt 0:00:00]} 31. Qc3 {[%emt 0:03:28]} Qxg5 {[%emt 0:00:00]} 32. Be6+ {[%emt 0:01:01]} Nxe6 {[%emt 0:00:00]} 33. dxe6 {[%emt 0:00:14]} Bxe4+ {[%emt 0:00:00]} 34. Kh3 {[%emt 0:01:11]} Qh6+ {[%emt 0:00:00]} 35. Kg4 {[%emt 0:00:18]} Rf4+ {[%emt 0:00:00]} 36. Rxf4 {[%emt 0:00:15]} Qxf4+ {[%emt 0:00:00]} 37. Kh3 {[%emt 0:00:40]} Qh6+ {[%emt 0:00:00]} 38. Kg4 {[%emt 0:00:18]} Nf2# {[%emt 0:06:30]} 0-1

[Event "IV Zicosur Open 2019"]
[Site "Antofagasta"]
[Date "2019.01.05"]
[Round "1"]
[White "Aranguiz Olave, Emilio Antonio"]
[Black "Cruz, Cristhian"]
[Result "0-1"]
[WhiteElo "1679"]
[BlackElo "2561"]
[Annotator "ChessBase"]
[PlyCount "64"]
[EventDate "2019.01.05"]
[EventType "swiss"]
[EventCountry "CHI"]
[SourceTitle "playchess.com"]
[Source "ChessBase"]
[SourceQuality "1"]
[TimeControl "5400+30"]

1. b3 {[%emt 0:00:00]} d5 {[%emt 0:00:00]} 2. Bb2 {[%emt 0:00:00]} Bg4 {[%emt 0:00:00]} 3. Nf3 {[%emt 0:00:30]} Bxf3 {[%emt 0:00:02]} 4. gxf3 {[%emt 0:00:05]} Nd7 {[%emt 0:00:27]} 5. e3 {[%emt 0:05:06]} Ngf6 {[%emt 0:00:18]} 6. f4 {[%emt 0:01:44]} e6 {[%emt 0:00:43]} 7. Rg1 {[%emt 0:01:40]} g6 {[%emt 0:00:36]} 8. d3 {[%emt 0:02:10]} Bd6 {[%emt 0:08:30]} 9. Nd2 {[%emt 0:01:34]} Qe7 {[%emt 0:00:14]} 10. Bh3 {[%emt 0:03:53]} O-O-O {[%emt 0:07:50]} 11. Nf3 {[%emt 0:01:04]} Kb8 {[%emt 0:01:36]} 12. Ne5 {[%emt 0:01:33]} Rhf8 {[%emt 0:01:18]} 13. a4 {[%emt 0:01:58]} Ne8 {[%emt 0:06:08]} 14. d4 {[%emt 0:02:46]} c5 {[%emt 0:02:26]} 15. Qe2 {[%emt 0:01:24]} cxd4 {[%emt 0:04:23]} 16. exd4 {[%emt 0:00:12]} Nc7 {[%emt 0:01:17]} 17. a5 {[%emt 0:01:34]} a6 {[%emt 0:01:15]} 18. c4 {[%emt 0:01:36]} Qh4 {[%emt 0:11:31]} 19. Qe3 {[%emt 0:05:07]} Nxe5 {[%emt 0:04:58]} 20. fxe5 {[%emt 0:01:43]} Be7 {[%emt 0:00:38]} 21. Rg4 {[%emt 0:04:59]} Qh5 {[%emt 0:00:05]} 22. Qg3 {[%emt 0:01:36]} g5 {[%emt 0:06:29]} 23. Ba3 {[%emt 0:02:22]} Bxa3 {[%emt 0:00:32]} 24. Rxa3 {[%emt 0:00:07]} h6 {[%emt 0:01:55]} 25. Bf1 {[%emt 0:01:17]} f5 {[%emt 0:03:48]} 26. exf6 {[%emt 0:00:35]} Rxf6 {[%emt 0:00:04]} 27. Ra2 {[%emt 0:02:00]} Rdf8 {[%emt 0:00:43]} 28. Bg2 {[%emt 0:03:03]} Qg6 {[%emt 0:06:12]} 29. Rb2 {[%emt 0:00:58]} Rf5 {[%emt 0:03:05]} 30. h4 {[%emt 0:03:15]} Qg7 {[%emt 0:00:37]} 31. hxg5 {[%emt 0:01:39]} h5 {[%emt 0:00:14]} 32. cxd5 {[%emt 0:11:05]} exd5 {[%emt 0:00:28]} 0-1

[Event "IV Zicosur Open 2019"]
[Site "Antofagasta"]
[Date "2019.01.05"]
[Round "1"]
[White "Lobos Astorga, Mario Rolando"]
[Black "Delgado Ramirez, Neuris"]
[Result "0-1"]
[WhiteElo "1652"]
[BlackElo "2620"]
[Annotator "TA"]
[PlyCount "50"]
[EventDate "2019.01.05"]
[EventType "swiss"]
[EventCountry "CHI"]
[SourceTitle "playchess.com"]
[Source "ChessBase"]
[SourceQuality "1"]

{[%evp 15,50,0,-3,-17,-4,-28,-23,-34,-39,-27,-24,-18,-12,-56,-54,-140,-67,-114,-97,-177,-147,-176,-106,-226,-215,-220,-211,-221,-225,-202,-224,-234,-228,-373,-358,-514,-450]} 1. e4 c5 2. Nf3 d6 3. Bb5+ Bd7 4. Bxd7+ Nxd7 5. d4 cxd4 6. Qxd4 Ngf6 7. O-O g6 {B52: Sicilian: Moscow Variation with 3...Bd7} 8. Nc3 (8. c4 Bg7 9. Nc3 O-O 10. Bd2 a6 11. Qd3 b5 12. cxb5 axb5 13. b4 Ra3 14. Nd4 Nc5 15. Qc2 Nfxe4 16. Nxe4 Bxd4 17. bxc5 Bxa1 18. Rxa1 dxc5 19. Qxc5 {1-0 (57) Malakhov,V (2709)-Wei,Y (2530) China 2013}) 8... Bg7 {LiveBook: 6 Games} 9. Be3 O-O {The position is equal.} 10. Qd2 Nb6 11. Qe2 Rc8 12. Rad1 $146 ({Predecessor:} 12. Nd2 Nfd7 13. Bxb6 Nxb6 14. Qd3 Bxc3 15. bxc3 Qc7 16. c4 Nxc4 17. Nxc4 Qxc4 {0-1 (32) Thomas,F (1610)-Aoustin,A (2020) Orleans 2004}) 12... Nc4 13. Bc1 Nd7 14. Rd3 Re8 15. Rfd1 (15. b3 $15 Qa5 16. Nd1) 15... Qa5 (15... Nc5 $1 $17 16. Rd5 Nb6) 16. Rd5 {[#]} Qa6 $1 17. Qe1 (17. Nd4 $17 {keeps fighting.}) 17... e6 $36 {[%mdl 2048] Keeping White busy.} 18. Rg5 {[#]} Na3 ({Black should try} 18... d5 $1 $19 {[%mdl 512]} 19. Nd4 (19. exd5 exd5) 19... e5) 19. Qd2 (19. e5 $17 Nc4 20. exd6) 19... Bxc3 $1 $19 20. bxc3 Nb1 21. Qxd6 Qxd6 22. Rxd6 Nc5 23. Rd4 f6 24. Rg3 (24. Rg4 $142 e5 25. Rd1 Nxc3 26. Re1) 24... Nxc3 {[%mdl 64] Double Attack} 25. e5 (25. Kf1 $142 e5 26. Rb4) 25... Ne2+ {Accuracy: White = 15%, Black = 77%.} 0-1

[Event "IV Zicosur Open 2019"]
[Site "Antofagasta"]
[Date "2019.01.05"]
[Round "2"]
[White "Delgado Ramirez, Neuris"]
[Black "Adasme Fredes, Mauricio"]
[Result "1-0"]
[WhiteElo "2623"]
[BlackElo "2103"]
[Annotator "TA"]
[PlyCount "91"]
[EventDate "2019.01.05"]
[EventType "swiss"]
[EventCountry "CHI"]
[SourceTitle "playchess.com"]
[Source "ChessBase"]
[SourceQuality "1"]

{[%evp 19,91,-23,-24,-32,8,-11,19,14,19,0,0,0,0,0,0,0,0,0,6,-4,14,-1,2,0,5,-33,-32,-22,-19,-25,-20,-24,-13,-42,-2,-37,-33,-60,-59,-54,-44,-88,-84,-191,-191,-183,-191,-176,-181,-174,-202,-207,-174,-180,-126,-121,-113,-122,-118,-123,-122,-132,-75,-84,-60,-56,-69,-65,0,0,0,0,0,0]} 1. e4 c5 2. Nf3 e6 3. Nc3 a6 4. g3 Nc6 5. Bg2 d6 6. O-O Nf6 7. d3 Be7 8. Ng5 {[%cal Bf3g5,Bg5h3,Bh3f2][%mdl 32]} h6 9. Nh3 Qc7 10. f4 Bd7 {[%cal Bc8d7,Bd7c6,Bc6b7][%mdl 32] LiveBook: 8 Games. B50: Sicilian: 2...d6, Miscellaneous} (10... b5 11. a3 Bb7 12. g4 Nd7 13. f5 Nde5 14. Nf4 Nd4 15. Nce2 exf5 16. gxf5 Bg5 17. Ng3 b4 18. c3 bxc3 19. bxc3 {1-0 (44) Shabalov,A (2544)-Ramirez Alvarez,A (2568) chess.com INT 2018}) 11. a3 Nd4 12. Be3 Rc8 $146 ({Predecessor:} 12... Bc6 13. Nb1 Qb6 14. Ra2 d5 15. Nd2 dxe4 16. dxe4 Rd8 17. c3 Nb5 18. Qe2 {0-1 (46) Vazquez,G (2296)-Salinas Herrera,P (2366) Paraguay 2012}) 13. Nf2 b5 14. g4 Bc6 15. Nb1 {[%cal Bc3b1,Bb1d2,Bd2f3][%mdl 32] Black must now prevent c3.} e5 16. f5 Bb7 17. c3 Nc6 18. b4 Nd7 19. Nd2 Nb6 20. Nf3 Na4 21. Rc1 c4 22. Qd2 cxd3 23. c4 Nb6 $1 {[%cal Rb6c4]} 24. cxb5 axb5 25. Qxd3 Nc4 26. Rc3 O-O 27. h4 Rfd8 28. g5 {[#] f6 is the strong threat.} d5 $1 {[%cal Rd5d4]} 29. exd5 Rxd5 30. Qxd5 Nd4 $1 $36 {[%cal Bc6d4,Bd4e2,Be2c3][%mdl 2080] Keeping White busy.} 31. Qxb7 (31. Rxc4 $17 bxc4 32. Qa5 Nxf3+ 33. Bxf3 Qxa5 34. bxa5 Bxf3 35. f6) 31... Ne2+ $19 {[%mdl 64] Double Attack} 32. Kh2 Qxb7 33. Ng1 {[#]} Qxg2+ $1 {[%mdl 512]} 34. Kxg2 Nxc3 35. Bc1 hxg5 36. hxg5 Ra8 (36... Na2 $19 37. Ne2 Nxc1 38. Rxc1 Bxg5) 37. Nf3 $17 Ne2 38. Ne4 Nxc1 39. Rxc1 Rxa3 40. f6 Bxb4 (40... Bf8 $142 41. Nh4 g6) 41. Rb1 Ra2+ 42. Kg3 Rb2 43. Rd1 Bf8 (43... gxf6 $15 44. gxf6 Re2) 44. Rd8 $11 {The position is equal.} b4 45. Nc5 gxf6 46. gxf6 {[%mdl 32768] Accuracy: White = 74%, Black = 65%. . Loss on time!?} 1-0

[Event "IV Zicosur Open 2019"]
[Site "Antofagasta"]
[Date "2019.01.05"]
[Round "2"]
[White "Bacallao Alonso, Yusnel"]
[Black "Garmendia Vega, Gabriel"]
[Result "1-0"]
[WhiteElo "2583"]
[BlackElo "2041"]
[Annotator "TA"]
[PlyCount "95"]
[EventDate "2019.01.05"]
[EventType "swiss"]
[EventCountry "CHI"]
[SourceTitle "playchess.com"]
[Source "ChessBase"]
[SourceQuality "1"]

{[%evp 23,95,22,41,39,82,89,82,88,145,91,85,79,112,123,129,44,138,138,141,138,151,141,140,150,132,134,133,133,145,137,133,122,119,107,107,107,114,108,133,125,120,118,114,102,230,231,318,366,332,365,373,370,373,365,373,366,368,369,373,373,354,345,637,597,1851,2046,29989,29990,29990,29991,29991,29991,29995,29996]} 1. Nf3 c5 2. c4 g6 3. e3 Bg7 4. d4 Nf6 5. Nc3 O-O 6. d5 e6 7. Be2 d6 8. Nd2 {E61: King's Indian: Early deviations for White, including Smyslov System} exd5 9. cxd5 Na6 (9... Re8 10. O-O Na6 11. e4 Rb8 12. a4 Nb4 13. f3 {1-0 (36) Grischuk,A (2766)-Vachier Lagrave,M (2789) Paris 2018}) 10. O-O Nc7 11. e4 Re8 12. a4 a6 {LiveBook: 3 Games} 13. f3 {[#]} Bd7 $146 ({Predecessor:} 13... Rb8 14. a5 Bd7 {0-1 (27) Granda Zuniga,J (2646)-Lopez Martinez,J (2508) Ayamonte 2006}) 14. Nc4 Bxa4 {[%mdl 64] [#] Remove Defender, Decoy} 15. Nxa4 {Strongly threatening Nab6.} b5 16. Na5 ({Better is} 16. Nab6 Rb8 17. Bf4) 16... bxa4 $16 17. Nc6 (17. Qxa4 $6 Nfxd5 18. Rd1 Qe7 $15) 17... Qd7 18. Rxa4 Nb5 19. Qb3 (19. Be3 $16) 19... Nd4 ({Black should try} 19... Nxd5 $1 $14 20. Bxb5 (20. Qxd5 Nc7 $11) 20... Nb4) 20. Nxd4 cxd4 21. Rxa6 ({Wrong is} 21. Rxd4 $2 Qa7 $19) 21... Rxa6 22. Bxa6 Qa7 {White must now prevent ...d3+.} 23. Qb7 Ra8 24. Qxa7 Rxa7 25. Bb5 Nd7 26. Bxd7 Rxd7 {[%mdl 4096] Endgame KRB-KRB} 27. Bf4 Be5 28. Bxe5 dxe5 {KR-KR} 29. b4 Rb7 30. Rb1 Kf8 31. Kf2 Ke7 32. Ke2 Kd6 33. Kd3 Kc7 (33... f6 $16 {was worth a try.}) 34. f4 $1 $18 {[%cal Rf4e5]} f6 35. Rc1+ Kd7 36. Rc6 Rxb4 37. Rxf6 Rb3+ 38. Kc2 Rc3+ 39. Kd2 exf4 40. e5 {[%cal Be4e5,Be5e6][%mdl 32]} Re3 41. Rf7+ {[%mdl 64] [#] Double Attack} Ke8 42. e6 ({Weaker is} 42. Rxh7 Rxe5 43. Kd3 Rxd5 $11) 42... Re5 $2 (42... g5 43. Rxh7 g4) 43. Rd7 Rg5 44. Kd3 Rxg2 45. d6 {White mates.} Ra2 46. Rxh7 {[%cal Rh7h8]} Ra3+ 47. Kc4 {[%cal Rh7h8]} Ra4+ 48. Kb3 {Accuracy: White = 75%, Black = 40%.} 1-0

[Event "IV Zicosur Open 2019"]
[Site "Antofagasta"]
[Date "2019.01.05"]
[Round "2"]
[White "Cruz, Cristhian"]
[Black "Castillo Bernal, Hernan"]
[Result "1-0"]
[WhiteElo "2564"]
[BlackElo "1970"]
[Annotator "TA"]
[PlyCount "42"]
[EventDate "2019.01.05"]
[EventType "swiss"]
[EventCountry "CHI"]
[SourceTitle "playchess.com"]
[Source "ChessBase"]
[SourceQuality "1"]

{[%evp 16,42,58,52,78,68,74,74,97,88,107,102,99,87,113,64,103,85,96,84,180,187,193,197,170,164,154,170,1410]} 1. d4 d6 2. Nf3 g6 3. g3 Bg7 4. Bg2 Nf6 (4... Bd7 5. O-O Qc8 6. c4 Nc6 7. Nc3 Bh3 8. e3 h5 9. Ne4 h4 10. Nxh4 Bf6 11. Nxf6+ Nxf6 12. f4 Bxg2 13. Kxg2 {0-1 (33) Hou,Y (2658)-Nakamura,H (2777) chess.com INT 2018}) 5. b3 Nbd7 6. Bb2 {A41: 1 d4 d6: Tartakower System and Modern Defence} c5 7. O-O cxd4 8. Nxd4 O-O 9. c4 {LiveBook: 15 Games} Nb6 10. Nc3 a6 $146 ({Predecessor:} 10... e6 11. Ndb5 Ne8 12. c5 a6 13. Nxd6 Nxd6 14. Qxd6 Qxd6 15. cxd6 Be5 16. Na4 Bxb2 17. Nxb2 {1-0 (44) McCorry,R (2050)-Griffiths,H (1792) England 2015}) 11. Qd2 Qc7 12. Rac1 e5 13. Nc2 {[%cal Bd4c2,Bc2b4,Bb4d3][%mdl 32]} Be6 14. e4 Rfd8 15. Nb4 Qd7 16. Rfd1 a5 17. Nd3 Bg4 (17... a4 $16) 18. f3 $18 {White is clearly better.} Be6 19. Qe3 Qc6 20. Nd5 Bxd5 21. cxd5 Nc8 $2 {Accuracy: White = 43%, Black = 30%.} (21... Qb5 22. Bf1 Nc8) 1-0

[Event "IV Zicosur Open 2019"]
[Site "Antofagasta"]
[Date "2019.01.05"]
[Round "2"]
[White "Montero Martinez, Cristhian"]
[Black "Granda Zuniga, Julio E"]
[Result "0-1"]
[WhiteElo "2104"]
[BlackElo "2641"]
[Annotator "TA"]
[PlyCount "54"]
[EventDate "2019.01.05"]
[EventType "swiss"]
[EventCountry "CHI"]
[SourceTitle "playchess.com"]
[Source "ChessBase"]
[SourceQuality "1"]

{[%evp 11,54,-20,-19,-31,-18,-21,-12,-210,-225,-226,-220,-263,-271,-264,-266,-344,-343,-312,-339,-322,-320,-316,-318,-312,-310,-318,-309,-304,-315,-357,-340,-435,-427,-525,-391,-386,-370,-456,-452,-434,-390,-635,-635,-735,-729]} 1. e4 c5 2. Nc3 e6 3. g3 Nc6 4. Bg2 g6 5. d3 Bg7 6. Nh3 Nge7 {LiveBook: 20 Games} 7. Be3 {B24: Closed Sicilian: 3 g3 sidelines} b6 8. Qd2 h6 {Threatens to win with ...d5.} 9. O-O $2 (9. Nf4 $11 {and White stays safe.}) 9... d5 $19 10. exd5 exd5 11. Rfe1 $146 ({Predecessor:} 11. Nf4 d4 12. Ncd5 dxe3 13. Qxe3 Rb8 {1-0 (58) Rodriguez Vila,A (2502)-Matsuura,E (2473) Santos 2006}) 11... Bxh3 12. Bxh3 d4 {[%mdl 64] [#] Double Attack} 13. Bf4 {Strongly threatening Nb5.} dxc3 14. bxc3 g5 15. Be3 O-O 16. Bg2 Nd5 17. d4 cxd4 18. cxd4 Rc8 {[%cal Ba8c8,Bc8c3,Bc3e3,Be3e2][%mdl 32]} 19. Rac1 Na5 {[%cal Bc6a5,Ba5c4,Bc4d2][%mdl 32]} 20. Qd3 Rc3 21. Qf5 Nxe3 22. fxe3 Qc8 23. Qf2 Nc4 24. Kh1 {[#]} Rxe3 $1 {[%mdl 512]} 25. c3 (25. Rxe3 Bxd4) 25... Qe6 26. Rf1 $2 (26. Rxe3 Qxe3 27. Qxe3 Nxe3 28. Re1 Nxg2 29. Kxg2) 26... Re2 27. Qf3 Nd2 {Accuracy: White = 39%, Black = 84%.} 0-1

[Event "IV Zicosur Open 2019"]
[Site "Antofagasta"]
[Date "2019.01.05"]
[Round "2"]
[White "Gomez Barrera, Javiera Belen"]
[Black "Flores, Diego"]
[Result "0-1"]
[WhiteElo "2084"]
[BlackElo "2609"]
[Annotator "TA"]
[PlyCount "76"]
[EventDate "2019.01.05"]
[EventType "swiss"]
[EventCountry "CHI"]
[SourceTitle "playchess.com"]
[Source "ChessBase"]
[SourceQuality "1"]

{[%evp 13,76,7,25,27,9,-7,2,-17,-3,-4,0,-26,-29,-56,-71,-56,-25,-59,-58,-64,-60,-70,-62,-63,-53,-53,-50,-111,-99,-107,-79,-106,-94,-118,-120,-131,-93,-197,-178,-183,-187,-372,-454,-391,-412,-422,-390,-410,-404,-460,-439,-433,-431,-408,-445,-442,-458,-453,-437,-454,-447,-486,-472,-485,-441]} 1. e4 c5 2. Nf3 e6 3. d4 cxd4 4. Nxd4 Bc5 5. Nb3 Bb6 6. Nc3 Ne7 7. Bc4 {B40: Sicilian: 2...e6, Unusual lines} (7. Bd3 O-O 8. O-O Nbc6 9. Bg5 h6 10. Bh4 Ne5 11. Kh1 N5g6 12. Bg3 f5 13. exf5 Nxf5 14. Qe2 d5 15. Rad1 Qg5 16. Bxf5 Qxf5 {½-½ (57) Kasimdzhanov,R (2704)-Fedoseev,V (2659) Berlin 2015}) 7... O-O {LiveBook: 4 Games} 8. O-O f5 9. Bd3 {The position is equal.} Nbc6 10. Bg5 h6 $146 ({Predecessor:} 10... fxe4 11. Nxe4 d5 12. Ng3 Qe8 13. Kh1 Rxf2 14. Rxf2 Bxf2 15. Qf3 Bxg3 16. Qxg3 {½-½ (38) Rieksen,R (1709)-Van Praet,R (1915) Twente 2007}) 11. Bxe7 Nxe7 12. Qh5 fxe4 13. Bxe4 d5 14. Bd3 Qd6 15. Rae1 Bd7 16. Qe5 Qxe5 17. Rxe5 Rac8 18. Re2 a6 $36 {[%mdl 2048] Black has some pressure.} 19. Kh1 g5 20. Nd2 (20. f3 $15) 20... Nc6 $17 {[%cal Be7c6,Bc6b4,Bb4d3][%mdl 32]} 21. Nb3 {With the idea Na4.} Ba7 22. f3 Kg7 23. Rfe1 Rf6 24. Nb1 Nb4 25. a3 (25. Nc1 $17) 25... Nxd3 $19 26. cxd3 Ba4 27. Rc1 $2 {[#]} (27. Nc1) 27... Rff8 28. N1d2 Rxc1+ 29. Nxc1 Rc8 30. Ndb3 Kf6 31. g3 {[#]} a5 $1 {[%cal Ba6a5,Ba5a4][%mdl 544]} 32. Kg2 (32. Nxa5 Rxc1+) 32... Bb5 33. Re1 Rc2+ 34. Re2 {Black is clearly winning.} Rc7 35. Re1 a4 36. Na1 Ba6 37. Na2 Bxd3 38. Nb4 Bg6 {Accuracy: White = 40%, Black = 91%.} 0-1